000 01271nam a2200445 a 4500
003 AR-BaBNM
005 20251128204735.0
008 082120s2002 ||||||||||||||000 | spa||
020 _a84-281-0298-8
040 _cAR-BaBNM
245 0 0 _aPsicología de la educación
250 _a1ª ed.
260 _aBarcelona
_bOikos-tau
_c1975
300 _a237 p.
_btablas
490 0 _aTratado de ciencias pedagógicas
_vv. 8
500 _aContiene referencias bibliográficas
650 4 _aPSICOLOGIA DE LA EDUCACION
650 4 _aEDUCACION ARTISTICA
650 4 _aPSICOMOTRICIDAD
650 4 _aPROCESO DE APRENDIZAJE
650 4 _aDESARROLLO DE LA CREATIVIDAD
650 4 _aPSICOTERAPIA
650 4 _aORIENTACION PROFESIONAL
650 4 _aCENTROS PEDAGOGICOS
650 4 _aCENTROS DE REEDUCACION
653 _aEXPRESION CORPORAL
653 _aINVESTIGACION EDUCATIVA
700 1 _aDebesse, Maurice
700 1 _aPujade-Renaud, Claude
700 1 _aWittwer, Jacques
700 1 _aMialaret, Gastón
700 1 _aLeboutet, Lucie
700 1 _aGilly, Michel
700 1 _aBeaufils, Francois
700 1 _aGuglielmi, Jean
800 1 _aDebesse, Maurice
_edirector
800 1 _aMialaret, Gastón
_edirector
942 _cBK
998 _cGrace
999 _c8637
_d8637